Combien de ville de l'Hérault (34) connais-tu ? - Statistiques

Statistiques générales
  • Ce quiz a été pris 56 fois
  • Le résultat moyen est 47 sur 342
Statistiques - réponses
Code Postal Ville % Correct
34080 Montpellier
95%
34200 Sète
82%
34300 Agde
76%
34500 Béziers
68%
34934 Frontignan
66%
34800 Clermont-l'Hérault
63%
34875 Lattes
58%
34702 Lodève
58%
34401 Lunel
55%
34170 Castelnau-le-Lez
53%
34150 Gignac
53%
34830 Jacou
53%
34280 La Grande-Motte
53%
34130 Mauguio
53%
34140 Mèze
53%
34250 Palavas-les-Flots
50%
34473 Pérols
47%
34430 Saint-Jean-de-Védas
47%
34920 Le Crès
45%
34540 Balaruc-les-Bains
42%
34990 Juvignac
42%
34340 Marseillan
42%
34751 Villeneuve-lès-Maguelone
42%
34670 Baillargues
39%
34120 Pézenas
39%
34980 Saint-Gély-du-Fesc
39%
34800 Canet
37%
34980 Saint-Clément-de-Rivière
37%
34450 Vias
37%
34540 Balaruc-le-Vieux
34%
34600 Bédarieux
34%
34660 Cournonterral
34%
34690 Fabrègues
34%
34790 Grabels
34%
34560 Poussan
34%
34770 Gigean
32%
34570 Pignan
32%
34150 Saint-Guilhem-le-Désert
32%
34800 Aspiran
29%
34550 Bessan
29%
34140 Bouzigues
29%
34160 Castries
29%
34660 Cournonsec
29%
34700 Le Bosc
29%
34530 Montagnac
29%
34560 Montbazin
29%
34742 Vendargues
29%
34150 Aniane
26%
34830 Clapiers
26%
34190 Ganges
26%
34110 Mireval
26%
34730 Prades-le-Lez
26%
34725 Saint-André-de-Sangonis
26%
34270 Saint-Mathieu-de-Tréviers
26%
34350 Valras-Plage
26%
34420 Villeneuve-lès-Béziers
26%
34240 Lamalou-les-Bains
24%
34980 Montferrier-sur-Lez
24%
34570 Murviel-lès-Montpellier
24%
34230 Paulhan
24%
34130 Saint-Aunès
24%
34725 Saint-Félix-de-Lodez
24%
34380 Saint-Martin-de-Londres
24%
34290 Servian
24%
34820 Teyran
24%
34560 Villeveyrac
24%
34380 Viols-le-Fort
24%
34230 Adissan
21%
34230 Aumelas
21%
34420 Cers
21%
34520 Le Caylar
21%
34140 Loupian
21%
34400 Lunel-Viel
21%
34590 Marsillargues
21%
34410 Sérignan
21%
34800 Ceyras
18%
34510 Florensac
18%
34130 Lansargues
18%
34330 La Salvetat-sur-Agout
18%
34880 Lavérune
18%
34570 Montarnaud
18%
34150 Montpeyroux
18%
34800 Nébian
18%
34420 Portiragnes
18%
34190 Saint-Bauzille-de-Putois
18%
34670 Saint-Brès
18%
34400 Saint-Just
18%
34290 Alignan-du-Vent
16%
34150 Arboras
16%
34290 Bassan
16%
34130 Candillargues
16%
34310 Capestang
16%
34720 Caux
16%
34370 Cazouls-lès-Béziers
16%
34440 Colombiers
16%
34980 Combaillaux
16%
34230 Le Pouget
16%
34710 Lespignan
16%
34480 Magalas
16%
34490 Murviel-lès-Béziers
16%
34230 Plaissan
16%
34160 Saint-Bauzille-de-Montmel
16%
34680 Saint-Georges-d'Orques
16%
34630 Saint-Thibéry
16%
34160 Sussargues
16%
34570 Vailhauquès
16%
34290 Valros
16%
34350 Vendres
16%
34116 Vic-la-Gardiole
16%
34380 Viols-en-Laval
16%
34230 Bélarga
13%
34760 Boujan-sur-Libron
13%
34800 Cabrières
13%
34120 Cazouls-d'Hérault
13%
34270 Claret
13%
34320 Fontès
13%
34160 Galargues
13%
34120 Lézignan-la-Cèbe
13%
34650 Lunas
13%
34370 Maraussan
13%
34370 Maureilhan
13%
34310 Montady
13%
34290 Montblanc
13%
34130 Mudaison
13%
34800 Octon
13%
34390 Olargues
13%
34800 Péret
13%
34850 Pinet
13%
34160 Saint-Drézéry
13%
34230 Saint-Pargoire
13%
34570 Saint-Paul-et-Valmalle
13%
34410 Sauvian
13%
34230 Tressan
13%
34290 Abeilhan
11%
34190 Agonès
11%
34380 Argelliers
11%
34820 Assas
11%
34530 Aumes
11%
34190 Brissac
11%
34120 Castelnau-de-Guers
11%
34380 Causse-de-la-Selle
11%
34190 Cazilhac
11%
34460 Cessenon-sur-Orb
11%
34290 Espondeilhan
11%
34190 Gorniès
11%
34600 Hérépian
11%
34190 Laroque
11%
34480 Laurens
11%
34700 Le Puech
11%
34270 Les Matelles
11%
34800 Liausson
11%
34490 Lignan-sur-Orb
11%
34320 Neffiès
11%
34380 Notre-Dame-de-Londres
11%
34810 Pomérols
11%
34150 Puéchabon
11%
34230 Puilacher
11%
34310 Quarante
11%
34320 Roujan
11%
34380 Saint-Jean-de-Buèges
11%
34270 Saint-Jean-de-Cuculles
11%
34150 Saint-Jean-de-Fos
11%
34570 Saussan
11%
34210 Aigues-Vives
8%
34260 Avène
8%
34160 Beaulieu
8%
34160 Boisseron
8%
34800 Brignac
8%
34160 Buzignargues
8%
34230 Campagnan
8%
34490 Corneilhan
8%
34370 Creissan
8%
34600 Faugères
8%
34190 Ferrières-les-Verreries
8%
34270 Fontanès
8%
34320 Fos
8%
34700 Fozières
8%
34650 Joncels
8%
34150 La Boissière
8%
34800 Lacoste
8%
34150 Lagamas
8%
34270 Lauret
8%
34700 Lauroux
8%
34260 Le Bousquet-d'Orb
8%
34520 Les Rives
8%
34270 Le Triadou
8%
34290 Lieuran-lès-Béziers
8%
34380 Mas-de-Londres
8%
34190 Moulès-et-Baucels
8%
34800 Mourèze
8%
34980 Murles
8%
34120 Nézignan-l'Évêque
8%
34440 Nissan-lez-Enserune
8%
34380 Pégairolles-de-Buèges
8%
34230 Pouzols
8%
34480 Puissalicon
8%
34620 Puisserguier
8%
34230 Saint-Bauzille-de-la-Sylve
8%
34270 Sainte-Croix-de-Quintillargues
8%
34700 Saint-Étienne-de-Gourgas
8%
34390 Saint-Julien
8%
34520 Saint-Pierre-de-la-Fage
8%
34230 Saint-Pons-de-Mauchiens
8%
34270 Valflaunès
8%
34800 Villeneuvette
8%
34400 Villetelle
8%
34210 Agel
5%
34210 Aigne
5%
34360 Assignan
5%
34480 Autignac
5%
34220 Boisset
5%
34480 Cabrerolles
5%
34330 Cambon-et-Salvergues
5%
34160 Campagne
5%
34490 Causses-et-Veyran
5%
34600 Caussiniojouls
5%
34460 Cazedarnes
5%
34360 Cébazan
5%
34700 Celles
5%
34390 Colombières-sur-Orb
5%
34290 Coulobres
5%
34310 Cruzy
5%
34210 Félines-Minervois
5%
34330 Fraisse-sur-Agout
5%
34820 Guzargues
5%
34725 Jonquières
5%
34800 Lieuran-Cabrières
5%
34160 Montaud
5%
34190 Montoulieu
5%
34320 Nizas
5%
34210 Olonzac
5%
34230 Popian
5%
34480 Pouzolles
5%
34480 Puimisson
5%
34160 Restinclières
5%
34460 Roquebrun
5%
34190 Saint-André-de-Buèges
5%
34360 Saint-Chinian
5%
34160 Saint-Geniès-des-Mourgues
5%
34700 Saint-Jean-de-la-Blaquière
5%
34520 Saint-Maurice-Navacelles
5%
34220 Saint-Pons-de-Thomières
5%
34400 Saturargues
5%
34700 Soubès
5%
34700 Soumont
5%
34490 Thézan-lès-Béziers
5%
34120 Tourbes
5%
34230 Usclas-d'Hérault
5%
34130 Valergues
5%
34210 Azillanet
3%
34360 Babeau-Bouldoux
3%
34210 Beaufort
3%
34360 Berlou
3%
34650 Brenas
3%
34260 Camplong
3%
34600 Carlencas-et-Levas
3%
34210 Cassagnoles
3%
34610 Castanet-le-Haut
3%
34270 Cazevieille
3%
34260 Ceilhes-et-Rocozels
3%
34210 Cesseras
3%
34240 Combes
3%
34220 Courniou
3%
34650 Dio-et-Valquières
3%
34400 Entre-Vignes
3%
34210 Ferrals-les-Montagnes
3%
34360 Ferrières-Poussarou
3%
34480 Fouzilhon
3%
34320 Gabian
3%
34160 Garrigues
3%
34260 Graissessac
3%
34210 La Caunette
3%
34210 La Livinière
3%
34260 La Tour-sur-Orb
3%
34520 La Vacquerie-et-Saint-Martin-de-Castries
3%
34700 Lavalette
3%
34520 Le Cros
3%
34600 Les Aires
3%
34330 Le Soulié
3%
34210 Minerve
3%
34390 Mons
3%
34310 Montels
3%
34210 Oupia
3%
34360 Pardailhan
3%
34600 Pézènes-les-Mines
3%
34360 Pierrerue
3%
34700 Poujols
3%
34220 Riols
3%
34650 Roqueredonde
3%
34380 Rouet
3%
34610 Saint-Gervais-sur-Mare
3%
34160 Saint-Jean-de-Cornies
3%
34520 Saint-Michel
3%
34490 Saint-Nazaire-de-Ladarez
3%
34400 Saint-Nazaire-de-Pézan
3%
34400 Saint-Sériès
3%
34730 Saint-Vincent-de-Barbeyrargues
3%
34390 Saint-Vincent-d'Olargues
3%
34160 Saussines
3%
34210 Siran
3%
34520 Sorbs
3%
34230 Vendémian
3%
34360 Villespassans
3%
34600 Le Poujol-sur-Orb
0%
34600 Le Pradal
0%
34700 Les Plans
0%
34320 Margon
0%
34800 Mérifons
0%
34320 Montesquieu
0%
34310 Montouliers
0%
34700 Olmet-et-Villecun
0%
34490 Pailhès
0%
34700 Pégairolles-de-l'Escalette
0%
34310 Poilhes
0%
34360 Prades-sur-Vernazobre
0%
34390 Prémian
0%
34220 Rieussec
0%
34650 Romiguières
0%
34320 Roquessels
0%
34610 Rosis
0%
34390 Saint-Étienne-d'Albagnan
0%
34260 Saint-Étienne-Estréchoux
0%
34520 Saint-Félix-de-l'Héras
0%
34480 Saint-Geniès-de-Fontedit
0%
34610 Saint-Geniès-de-Varensal
0%
34725 Saint-Guiraud
0%
34160 Saint-Hilaire-de-Beauvoir
0%
34360 Saint-Jean-de-Minervois
0%
34390 Saint-Martin-de-l'Arçon
0%
34700 Saint-Privat
0%
34725 Saint-Saturnin-de-Lucian
0%
34800 Salasc
0%
34270 Sauteyrargues
0%
34600 Taussac-la-Billière
0%
34700 Usclas-du-Bosc
0%
34270 Vacquières
0%
34320 Vailhan
0%
34800 Valmascle
0%
34220 Vélieux
0%
34220 Verreries-de-Moussans
0%
34390 Vieussan
0%
34600 Villemagne-l'Argentière
0%
Aucun quiz correspondant
Distribution des résultats
% des personnes avec chaque résultat
Percentile par nombre de réponses
Votre historique - résultats
Vous n’avez pas pris ce quiz